[Event "AUT-chT2O 2122"]
[Site "Austria"]
[Date "2022.04.02"]
[Round "10.1"]
[White "Stadler, Peter"]
[Black "Koestner, Laurin"]
[Result "1-0"]
[WhiteElo "2002"]
[BlackElo "1728"]
[PlyCount "71"]
[EventDate "2021.10.16"]
[EventType "team-tourn"]
[EventRounds "11"]
[EventCountry "AUT"]
[SourceTitle "EXT 2023"]
[Source "ChessBase"]
[SourceDate "2022.10.05"]
[SourceVersion "1"]
[SourceVersionDate "2022.10.05"]
[SourceQuality "1"]
[WhiteTeam "Hietzing"]
[BlackTeam "Krems Voest"]
[WhiteTeamCountry "AUT"]
[BlackTeamCountry "AUT"]

1. d4 Nf6 2. Nf3 d5 3. c4 e6 4. Nc3 Be7 5. e3 0-0 6. Bd3 c5 7. b3 Nc6 8. Bb2 Re8 9. 0-0 cxd4 10. exd4 dxc4 11. bxc4 b6 12. Rc1 Bb7 13. Re1 Rc8 14. Ne4 Nb4 15. Nxf6+ Bxf6 16. Bb1 g6 17. Ne5 Re7 18. f4 Rec7 19. a3 Nc6 20. Ba2 Bxe5 21. fxe5 Rd7 22. d5 Qg5 23. Rc2 Ne7 24. Bc1 Qh4 25. Rd2 exd5 26. cxd5 Rdc7 27. Bb2 Nf5 28. d6 Rc6 29. d7 Rd8 30. e6 fxe6 31. Bxe6+ Kf8 32. Bxf5 gxf5 33. Re8+ Rxe8 34. dxe8Q+ Kxe8 35. Re2+ Kf8 36. Qd7 1-0

[Event "Niederoesterreich-ch Seniors op"]
[Site "Spitz in der Wachau"]
[Date "2020.10.16"]
[Round "6"]
[White "Stadler, Peter"]
[Black "Selig, Rainer"]
[Result "1/2-1/2"]
[WhiteElo "2024"]
[BlackElo "2094"]
[PlyCount "61"]
[EventDate "2020.10.11"]
[EventType "swiss"]
[EventRounds "7"]
[EventCountry "AUT"]
[SourceTitle "CBM 198 Extra"]
[Source "ChessBase"]
[SourceDate "2020.11.30"]
[SourceVersion "1"]
[SourceVersionDate "2020.11.30"]
[SourceQuality "1"]

1. Nf3 Nf6 2. c4 Nc6 3. d4 d5 4. cxd5 Qxd5 5. Nc3 Qh5 6. e4 Bg4 7. Be2 0-0-0 8. Be3 e6 9. a3 a6 10. Qa4 Qa5 11. Qxa5 Nxa5 12. Ne5 Bxe2 13. Kxe2 Rg8 14. Nxf7 Re8 15. Ne5 Nb3 16. Rad1 Be7 17. Rd3 c5 18. dxc5 Nxc5 19. Bxc5 Bxc5 20. f3 Rd8 21. Rhd1 Rxd3 22. Rxd3 Rd8 23. g4 Bg1 24. h3 Bh2 25. Nc4 Rxd3 26. Kxd3 Kc7 27. a4 b6 28. b4 Nd7 29. b5 a5 30. Nb2 Kd6 31. Kc2 1/2-1/2

[Event "AUT-chT2O 1819"]
[Site "Austria"]
[Date "2019.03.30"]
[Round "10.6"]
[White "Jirovec, Peter"]
[Black "Stadler, Peter"]
[Result "0-1"]
[WhiteElo "1748"]
[BlackElo "2056"]
[PlyCount "96"]
[EventDate "2018.10.06"]
[EventType "team-tourn"]
[EventRounds "11"]
[EventCountry "AUT"]
[SourceTitle "CBM 189 Extra"]
[Source "ChessBase"]
[SourceDate "2019.06.03"]
[SourceVersion "1"]
[SourceVersionDate "2019.06.03"]
[SourceQuality "1"]
[WhiteTeam "Wiener Amateur CC "]
[BlackTeam "Hietzing"]
[WhiteTeamCountry "AUT"]
[BlackTeamCountry "AUT"]

1. e4 d6 2. d4 Nf6 3. Nc3 Nbd7 4. Nf3 e5 5. dxe5 dxe5 6. Bc4 Be7 7. 0-0 0-0 8. Re1 c6 9. a3 Qc7 10. h3 Rd8 11. Ba2 Nf8 12. Qe2 Be6 13. b3 h6 14. Bb2 Ng6 15. Rad1 Nh5 16. Qe3 Bf6 17. Ne2 Ngf4 18. Rxd8+ Rxd8 19. Qc5 Nxe2+ 20. Rxe2 Rd1+ 21. Re1 Rxe1+ 22. Nxe1 b6 23. Qe3 Nf4 24. Nd3 Qd6 25. Qf3 Nxd3 26. Qxd3 Qxd3 27. cxd3 g5 28. f3 a5 29. Kf2 a4 30. Ke3 axb3 31. Bb1 c5 32. Bc3 b5 33. Bb2 Kf8 34. Kd2 Ke7 35. Kc3 Kd6 36. Bc1 Bd8 37. Be3 Ba5+ 38. Kb2 Kc6 39. h4 f6 40. hxg5 hxg5 41. g3 c4 42. dxc4 bxc4 43. Kc1 Kb5 44. f4 gxf4 45. gxf4 Bc7 46. f5 Bf7 47. Bd2 Bd6 48. Kb2 Ka4 0-1

[Event "Oberoesterreich-ch op"]
[Site "Haid/Ansfelden"]
[Date "2018.03.27"]
[Round "5"]
[White "Gruber, Gernot"]
[Black "Stadler, Peter"]
[Result "1/2-1/2"]
[WhiteElo "1908"]
[BlackElo "2048"]
[PlyCount "38"]
[EventDate "2018.03.23"]
[EventType "swiss"]
[EventRounds "9"]
[EventCountry "AUT"]
[SourceTitle "EXT 2021"]
[Source "ChessBase"]
[SourceDate "2020.10.23"]
[SourceVersion "1"]
[SourceVersionDate "2020.10.23"]
[SourceQuality "1"]

1. e4 c5 2. Nf3 d6 3. c3 Nf6 4. Be2 Nc6 5. d4 cxd4 6. Nxd4 e5 7. Nxc6 bxc6 8. Bg5 Be7 9. Qc2 0-0 10. 0-0 Be6 11. c4 h6 12. Bh4 Nd7 13. Bxe7 Qxe7 14. Nc3 Nf6 15. Rad1 Rfd8 16. b4 d5 17. exd5 cxd5 18. cxd5 Nxd5 19. Nxd5 Bxd5 1/2-1/2

[Event "Oberoesterreich-ch op"]
[Site "Haid/Ansfelden"]
[Date "2018.03.24"]
[Round "2"]
[White "Nussbaumer, Josef"]
[Black "Stadler, Peter"]
[Result "1-0"]
[WhiteElo "1849"]
[BlackElo "2048"]
[PlyCount "57"]
[EventDate "2018.03.23"]
[EventType "swiss"]
[EventRounds "9"]
[EventCountry "AUT"]
[SourceTitle "EXT 2021"]
[Source "ChessBase"]
[SourceDate "2020.10.23"]
[SourceVersion "1"]
[SourceVersionDate "2020.10.23"]
[SourceQuality "1"]

1. e4 c5 2. d4 cxd4 3. c3 dxc3 4. Nxc3 e6 5. Nf3 a6 6. Bc4 Nc6 7. a3 Nge7 8. Bg5 f6 9. Be3 Ng6 10. 0-0 b5 11. Bb3 Be7 12. Nd5 exd5 13. exd5 Na5 14. d6 Bxd6 15. Qxd6 Nxb3 16. Bb6 Qe7 17. Rae1 Ne5 18. Qd5 Qe6 19. Qxa8 0-0 20. Nxe5 fxe5 21. Be3 d5 22. Rd1 d4 23. Bd2 e4 24. Qb8 Bd7 25. Qg3 Rc8 26. Bb4 a5 27. Bd6 h6 28. Be5 Qf7 29. Bxg7 1-0

[Event "Oberoesterreich-ch op"]
[Site "Haid/Ansfelden"]
[Date "2018.03.23"]
[Round "1"]
[White "Stadler, Peter"]
[Black "Jitar, Christian"]
[Result "1-0"]
[WhiteElo "2048"]
[BlackElo "1682"]
[PlyCount "45"]
[EventDate "2018.03.23"]
[EventType "swiss"]
[EventRounds "9"]
[EventCountry "AUT"]
[SourceTitle "EXT 2021"]
[Source "ChessBase"]
[SourceDate "2020.10.23"]
[SourceVersion "1"]
[SourceVersionDate "2020.10.23"]
[SourceQuality "1"]

1. Nf3 d5 2. d4 Nf6 3. c4 e6 4. g3 dxc4 5. Bg2 Bb4+ 6. Bd2 a5 7. 0-0 c6 8. Qc2 b5 9. Ne5 Bb7 10. a4 Qb6 11. axb5 cxb5 12. Bxb4 Bxg2 13. Bc5 Qb7 14. Re1 Be4 15. Qd2 b4 16. f3 Bxb1 17. Nxc4 Qc7 18. Rexb1 Nc6 19. Nd6+ Kd7 20. Rd1 Ne8 21. d5 Nxd6 22. dxc6+ Kxc6 23. Rac1 1-0

[Event "AUT-chT2O 1718"]
[Site "Austria"]
[Date "2017.11.19"]
[Round "4.4"]
[White "Stadler, Peter"]
[Black "Bury, Rastislav"]
[Result "0-1"]
[WhiteElo "2072"]
[BlackElo "2163"]
[PlyCount "112"]
[EventDate "2017.10.21"]
[EventType "team-tourn"]
[EventRounds "11"]
[EventCountry "AUT"]
[SourceTitle "CBM 181 Extra"]
[Source "ChessBase"]
[SourceDate "2017.12.12"]
[SourceVersion "1"]
[SourceVersionDate "2017.12.12"]
[SourceQuality "1"]
[WhiteTeam "Hietzing"]
[BlackTeam "Nickelsdorf Blackburne"]
[WhiteTeamCountry "AUT"]
[BlackTeamCountry "AUT"]

1. d4 Nf6 2. Nf3 e6 3. g3 b6 4. Bg2 Bb7 5. c4 Bb4+ 6. Bd2 Be7 7. 0-0 0-0 8. Nc3 Ne4 9. Be1 d6 10. Qc2 Nxc3 11. Bxc3 Nd7 12. e4 Bf6 13. Rfe1 e5 14. Rad1 Qe7 15. dxe5 Nxe5 16. Nxe5 Bxe5 17. f4 Bxc3 18. Qxc3 Qd7 19. c5 bxc5 20. Qxc5 Rfd8 21. Qc2 Qb5 22. Qxc7 Rac8 23. Rxd6 Re8 24. Qd7 Qc5+ 25. Kh1 Bc6 26. Rxc6 Qxc6 27. Qxa7 Ra8 28. Qf2 Rxa2 29. e5 Qb5 30. Re2 Rb8 31. Bf3 Rxb2 32. Kg2 Qb6 33. Qxb6 R8xb6 34. Kf2 Kf8 35. Rxb2 Rxb2+ 36. Be2 Ke7 37. Ke3 f6 38. exf6+ Kxf6 39. h3 Rb3+ 40. Bd3 Ke6 41. Kd4 Kd6 42. g4 h6 43. h4 Rb4+ 44. Ke3 Kd5 45. Bf5 Rb3+ 46. Kf2 Kd4 47. h5 Kc3 48. Ke3 Rb4 49. Bg6 Rd4 50. g5 hxg5 51. fxg5 Rg4 52. Kf3 Rxg5 53. Kf4 Rc5 54. Be8 Kd4 55. Bf7 Re5 56. Bg8 Rxh5 0-1

[Event "AUT-chT2O 1617"]
[Site "Austria"]
[Date "2017.03.05"]
[Round "9.4"]
[White "Stadler, Peter"]
[Black "Vitouch, Anatol"]
[Result "0-1"]
[WhiteElo "2082"]
[BlackElo "2320"]
[PlyCount "56"]
[EventDate "2016.10.15"]
[EventType "team-tourn"]
[EventRounds "11"]
[EventCountry "AUT"]
[SourceTitle "CBM 177 Extra"]
[Source "ChessBase"]
[SourceDate "2017.04.27"]
[SourceVersion "1"]
[SourceVersionDate "2017.04.27"]
[SourceQuality "1"]
[WhiteTeam "Hietzing"]
[BlackTeam "Pamhagen"]
[WhiteTeamCountry "AUT"]
[BlackTeamCountry "AUT"]

1. Nf3 e6 2. g3 f5 3. Bg2 Nf6 4. 0-0 Be7 5. b3 0-0 6. Ba3 Bxa3 7. Nxa3 Qe7 8. Nc4 d6 9. d4 Nc6 10. c3 e5 11. dxe5 dxe5 12. Qc2 Bd7 13. Rad1 Rae8 14. Nfd2 Qf7 15. e4 f4 16. Nf3 Qh5 17. gxf4 Bh3 18. Ncxe5 Nxe5 19. Nxe5 Bxg2 20. Kxg2 Ng4 21. Nf3 Rxf4 22. Rd5 Qg6 23. Rg5 Qh6 24. Qd3 Rxf3 25. Qd5+ Kh8 26. Kxf3 Nxh2+ 27. Kg2 Nxf1 28. Re5 Qh2+ 0-1

[Event "Hoersching op 4th"]
[Site "Hoersching"]
[Date "2016.09.03"]
[Round "6"]
[White "Bauer, Sebastian"]
[Black "Stadler, Peter"]
[Result "0-1"]
[WhiteElo "1827"]
[BlackElo "2103"]
[PlyCount "90"]
[EventDate "2016.08.29"]
[EventType "swiss"]
[EventRounds "7"]
[EventCountry "AUT"]
[SourceTitle "CBM 174 Extra"]
[Source "ChessBase"]
[SourceDate "2016.10.10"]
[SourceVersion "1"]
[SourceVersionDate "2016.10.10"]
[SourceQuality "1"]

1. e4 c5 2. Nf3 e6 3. d4 cxd4 4. Nxd4 Nf6 5. Nc3 d6 6. Be3 a6 7. a4 b6 8. g3 Qc7 9. Bg2 Bb7 10. f4 Nbd7 11. Nb3 Be7 12. 0-0 0-0 13. h3 Rac8 14. Qd2 Qb8 15. Qf2 b5 16. axb5 axb5 17. Ba7 Qc7 18. Rfc1 b4 19. Nb5 Qc4 20. e5 Bxg2 21. exf6 Nxf6 22. Nxd6 Bxd6 23. Kxg2 Qe4+ 24. Kg1 h5 25. Bc5 Bxc5 26. Nxc5 Qf5 27. Nd3 Nd5 28. Kh2 b3 29. Qe2 bxc2 30. Rxc2 Rxc2 31. Qxc2 h4 32. g4 Qe4 33. Qd2 Rd8 34. Nf2 Qxf4+ 35. Qxf4 Nxf4 36. Rd1 Rxd1 37. Nxd1 Kf8 38. g5 f6 39. gxf6 gxf6 40. Ne3 Ke7 41. Ng2 Nxg2 42. Kxg2 f5 43. Kf3 e5 44. Ke3 Kd6 45. Kd3 Kc5 0-1

[Event "Hoersching op 4th"]
[Site "Hoersching"]
[Date "2016.08.31"]
[Round "3"]
[White "Stadler, Peter"]
[Black "Luger, Andreas"]
[Result "0-1"]
[WhiteElo "2103"]
[BlackElo "1807"]
[PlyCount "56"]
[EventDate "2016.08.29"]
[EventType "swiss"]
[EventRounds "7"]
[EventCountry "AUT"]
[SourceTitle "CBM 174 Extra"]
[Source "ChessBase"]
[SourceDate "2016.10.10"]
[SourceVersion "1"]
[SourceVersionDate "2016.10.10"]
[SourceQuality "1"]

1. d4 e6 2. Nf3 b6 3. g3 Bb7 4. Bg2 d5 5. 0-0 Nd7 6. b3 c5 7. Bb2 Ngf6 8. Nbd2 Rc8 9. c4 Be7 10. Rc1 0-0 11. Re1 Re8 12. cxd5 Nxd5 13. Nc4 b5 14. Nce5 f6 15. Nxd7 Qxd7 16. dxc5 Bxc5 17. Nd4 e5 18. Nxb5 Bxf2+ 19. Kxf2 Qxb5 20. Qd3 Qb6+ 21. e3 Nb4 22. Qb1 Ba6 23. Bf1 Bxf1 24. Rxf1 Qa6 25. Rxc8 Rxc8 26. a3 Rc2+ 27. Kf3 Qe2+ 28. Ke4 Qg4+ 0-1

[Event "AUT-chT2O 1516"]
[Site "Austria"]
[Date "2016.04.02"]
[Round "9.4"]
[White "Horvath, Dominik"]
[Black "Stadler, Peter"]
[Result "1-0"]
[WhiteElo "2203"]
[BlackElo "2142"]
[PlyCount "129"]
[EventDate "2015.10.17"]
[EventType "team-tourn"]
[EventRounds "11"]
[EventCountry "AUT"]
[SourceTitle "EXT 2017"]
[Source "ChessBase"]
[SourceDate "2016.10.25"]
[SourceVersion "1"]
[SourceVersionDate "2016.10.25"]
[SourceQuality "1"]
[WhiteTeam "Pamhagen"]
[BlackTeam "Hietzing"]
[WhiteTeamCountry "AUT"]
[BlackTeamCountry "AUT"]

1. Nf3 g6 2. e4 Bg7 3. d4 d6 4. Be2 Nd7 5. 0-0 e5 6. Nc3 Ngf6 7. Be3 0-0 8. Qd2 Re8 9. dxe5 dxe5 10. Rad1 c6 11. Qc1 Qc7 12. Nd2 Nc5 13. f3 Ne6 14. Nc4 Nd4 15. Bd3 Rd8 16. Ne2 b6 17. c3 Nxe2+ 18. Bxe2 Ne8 19. Rxd8 Qxd8 20. Rd1 Qe7 21. a4 Be6 22. a5 b5 23. Nd2 Bf8 24. Qc2 Qc7 25. b4 c5 26. Qb2 a6 27. Rc1 Rc8 28. Nb3 Bxb3 29. Qxb3 c4 30. Qc2 Qc6 31. Rd1 Nf6 32. Qd2 Be7 33. Bb6 Qe6 34. g3 Rc6 35. Qe3 Rd6 36. Rxd6 Bxd6 37. Bc5 Kg7 38. Bf1 Nd7 39. Bxd6 Qxd6 40. Be2 h6 41. f4 Kh7 42. Bg4 Nf6 43. Bf3 Nd7 44. Kf2 Kg7 45. Ke2 h5 46. Qd2 Qxd2+ 47. Kxd2 Kf6 48. Ke3 Nf8 49. Bg2 h4 50. Bh3 hxg3 51. hxg3 Ne6 52. Bg4 Nc7 53. Bc8 g5 54. Kf3 gxf4 55. gxf4 exf4 56. Kxf4 Ke7 57. Ke5 f6+ 58. Kf5 Kf7 59. e5 fxe5 60. Kxe5 Ke7 61. Bf5 Kd8 62. Kd6 Ne8+ 63. Kc6 Nf6 64. Kb7 Nd5 65. Kxa6 1-0

[Event "AUT-chT2O 1516"]
[Site "Austria"]
[Date "2016.02.20"]
[Round "5.6"]
[White "Leitner, Gerald"]
[Black "Stadler, Peter"]
[Result "0-1"]
[WhiteElo "2216"]
[BlackElo "2142"]
[PlyCount "68"]
[EventDate "2015.10.17"]
[EventType "team-tourn"]
[EventRounds "11"]
[EventCountry "AUT"]
[SourceTitle "EXT 2017"]
[Source "ChessBase"]
[SourceDate "2016.10.25"]
[SourceVersion "1"]
[SourceVersionDate "2016.10.25"]
[SourceQuality "1"]
[WhiteTeam "Tschaturanga"]
[BlackTeam "Hietzing"]
[WhiteTeamCountry "AUT"]
[BlackTeamCountry "AUT"]

1. d4 Nf6 2. Nf3 g6 3. c4 Bg7 4. Nc3 d5 5. Qb3 dxc4 6. Qxc4 0-0 7. e4 a6 8. e5 b5 9. Qb3 Nfd7 10. e6 fxe6 11. h4 Nf6 12. Be3 Qd6 13. Be2 Nc6 14. 0-0-0 Rb8 15. Ng5 Na5 16. Qc2 b4 17. Nce4 b3 18. axb3 Nxb3+ 19. Kb1 Qb4 20. Bc4 Nd5 21. Rd3 Na5 22. Ba2 Qb6 23. Bd2 Nc6 24. Rb3 Ncb4 25. Bxb4 Nxb4 26. Qe2 Qxd4 27. h5 Rb6 28. hxg6 hxg6 29. Qg4 Nxa2 30. Qh4 Qxb2+ 31. Rxb2 Rxb2+ 32. Ka1 Rbxf2+ 33. Kb1 Rb2+ 34. Ka1 Rxg2+ 0-1

[Event "AUT-chT2O 1516"]
[Site "Austria"]
[Date "2015.10.18"]
[Round "2.6"]
[White "Pernerstorfer, Johannes"]
[Black "Stadler, Peter"]
[Result "0-1"]
[WhiteElo "1997"]
[BlackElo "2142"]
[PlyCount "76"]
[EventDate "2015.10.17"]
[EventType "team-tourn"]
[EventRounds "11"]
[EventCountry "AUT"]
[SourceTitle "CBM 168 Extra"]
[Source "ChessBase"]
[SourceDate "2015.10.29"]
[SourceVersion "1"]
[SourceVersionDate "2015.10.29"]
[SourceQuality "1"]
[WhiteTeam "Stockerau"]
[BlackTeam "Hietzing"]
[WhiteTeamCountry "AUT"]
[BlackTeamCountry "AUT"]

1. e4 c5 2. Nf3 e6 3. d4 cxd4 4. Nxd4 Nf6 5. Bd3 Nc6 6. Nxc6 bxc6 7. 0-0 e5 8. c4 d6 9. Nc3 Be7 10. Qe2 0-0 11. h3 Be6 12. b3 Qc7 13. Bb2 Nd7 14. Rad1 g6 15. f4 f5 16. fxe5 dxe5 17. Bb1 f4 18. Kh1 Nf6 19. Qf3 g5 20. Ne2 g4 21. Qc3 gxh3 22. gxh3 Nh5 23. Rf3 Bf6 24. c5 Rad8 25. Bd3 Kf7 26. Rdf1 Ke7 27. Bc4 Qc8 28. Kh2 Bxc4 29. Qxc4 Qe6 30. Qc2 Rd7 31. Bc3 Bh4 32. Be1 Bxe1 33. Rxe1 Rfd8 34. Qc3 Rd2 35. Kg1 Kf7 36. Rf2 R2d3 37. Qc2 Qxh3 38. Rh2 Rg8+ 0-1

[Event "AUT-ch Seniors"]
[Site "Wirt im Feld"]
[Date "2015.09.18"]
[Round "6"]
[White "Woeber, Friedrich"]
[Black "Stadler, Peter"]
[Result "1-0"]
[WhiteElo "2162"]
[BlackElo "2135"]
[PlyCount "49"]
[EventDate "2015.09.13"]
[EventType "swiss"]
[EventRounds "7"]
[EventCountry "AUT"]
[SourceTitle "EXT 2016"]
[Source "ChessBase"]
[SourceDate "2015.10.08"]
[SourceVersion "1"]
[SourceVersionDate "2015.10.08"]
[SourceQuality "1"]

1. e4 g6 2. d4 Bg7 3. Nc3 c5 4. dxc5 Bxc3+ 5. bxc3 Qa5 6. Qd4 Nf6 7. Qb4 Qxb4 8. cxb4 Nxe4 9. f3 Nf6 10. Bb2 0-0 11. Bc4 Ne8 12. h4 h5 13. Nh3 d6 14. Nf4 Bf5 15. g4 hxg4 16. fxg4 Be4 17. Rh2 Nc6 18. h5 g5 19. Ng6 d5 20. Nxf8 dxc4 21. h6 Nf6 22. h7+ Bxh7 23. Nxh7 Nxh7 24. 0-0-0 f6 25. b5 1-0

[Event "AUT-ch Seniors"]
[Site "Wirt im Feld"]
[Date "2015.09.17"]
[Round "5"]
[White "Stadler, Peter"]
[Black "Ernst, Michael"]
[Result "0-1"]
[WhiteElo "2135"]
[BlackElo "2174"]
[PlyCount "78"]
[EventDate "2015.09.13"]
[EventType "swiss"]
[EventRounds "7"]
[EventCountry "AUT"]
[SourceTitle "EXT 2016"]
[Source "ChessBase"]
[SourceDate "2015.10.08"]
[SourceVersion "1"]
[SourceVersionDate "2015.10.08"]
[SourceQuality "1"]

1. d4 Nf6 2. Nf3 e6 3. c4 d5 4. Nc3 Bb4 5. Bg5 h6 6. Bxf6 Qxf6 7. e3 0-0 8. Rc1 dxc4 9. Bxc4 c5 10. 0-0 cxd4 11. Qxd4 Qxd4 12. Nxd4 Bd7 13. Rfd1 Nc6 14. Ndb5 Ne5 15. Be2 Rfd8 16. a3 Be7 17. f4 Ng6 18. Nd4 e5 19. fxe5 Nxe5 20. h3 Bg5 21. Kf2 Rac8 22. Nf3 Nxf3 23. Bxf3 Be6 24. b4 Rxd1 25. Bxd1 Bf6 26. Ne2 Rxc1 27. Nxc1 Bb2 28. Ne2 Bxa3 29. b5 Bc4 30. Nd4 Bb2 31. Be2 Bxe2 32. Nxe2 Kf8 33. Ke1 Ke7 34. Kd2 Kd6 35. Kc2 Be5 36. Nc1 Kd5 37. Nd3 Bd6 38. Nf2 Kc4 39. Ne4 Bc5 0-1

[Event "Hoersching op 3rd"]
[Site "Hoersching"]
[Date "2015.08.31"]
[Round "1"]
[White "Stadler, Peter"]
[Black "Zwettler, Gerald Adam"]
[Result "1-0"]
[WhiteElo "2154"]
[BlackElo "1759"]
[PlyCount "39"]
[EventDate "2015.08.31"]
[EventType "swiss"]
[EventRounds "7"]
[EventCountry "AUT"]
[SourceTitle "EXT 2016"]
[Source "ChessBase"]
[SourceDate "2015.10.08"]
[SourceVersion "1"]
[SourceVersionDate "2015.10.08"]
[SourceQuality "1"]

1. d4 Nf6 2. Nf3 d5 3. c4 e6 4. Nc3 Bb4 5. cxd5 Nxd5 6. Qb3 Bxc3+ 7. bxc3 0-0 8. e4 Ne7 9. Bd3 b6 10. e5 c5 11. Ng5 h6 12. Ne4 cxd4 13. Bxh6 dxc3 14. 0-0-0 Qc7 15. f4 Bb7 16. Bg5 Nd5 17. Bb1 Nd7 18. Qc2 Ne3 19. Rxd7 Qxd7 20. Nf6+ 1-0